Представление документа в формате RUSMARC

ПолеНазваниеЗначение
  Тип записи a
  Библиографический уровень m
001 Контрольный номер Book/7239
005 Дата корректировки 20260206142539.4
010 Индекс ISBN __
a ISBN 978-5-8243-1193-8
b Уточнения в пер.
9 Тираж 1 000 экз.
d Цена 150 р. 00 к.
090 Данные записи __
a Состояние записи 66.1(2)
b Тип записи Книги
c Язык записи Русский
d Отрасль знаний (КСУ) Другая
e Секретность Несекретно
g Вид записи Монография (однотомник)
x Дата передачи записи для обработки М50
100 Данные общей обработки __
a Данные общей обработки 20101113d2013 u u 1rusy ||||ca
101 Язык документа 0_
a Язык текста rus
105 Кодированные данные (монография) __
a Кодированные данные (монография) a z 000yy
200 Заглавие и сведения об ответственности 1_
a Заглавие Избранные труды
g Последующие сведения об ответственности сост.,авт. вступ. ст. и коммент. В. Э. Багдасарян
f Первые сведения об ответственности Д. И. Менделеев
210 Выходные данные 1_
a Место издания Москва
c Издательство Российская политическая энциклопедия
d Дата издания 2010
215 Физическое описание __
a Объем 774 с.
d Формат см.
225 Серия 1_
a Серия Библиотека отечественной общественной мысли с древнейших времен до начала ХХ века
600 Персоналии _1
a Персоналии (Фамилия) Менделеев
b Персоналии (Имя, инициалы) Д. И.
606 Тематические рубрики 0_
a Основная рубрика Менделеев, Дмитрий Иванович (1834-1907)
610 Ключевые слова 0_
a Ключевые слова мысль политическая; труды избранные; ученые-химики; химики выдающиеся; химики известные
686 Индексы других классификаций __
a Классификационный индекс 66.1(2)
2 Код системы rubbk
700 Автор _1
a Фамилия Менделеев
b Имя (инициалы) Д. И.
g Полное личное имя Дмитрий Иванович
801 Источник записи _0
a Страна RU
b Организация МБУК ЦБС г. Ульяновска
c Дата составления 20101113
801 Источник записи _1
a Страна RU
b Организация МБУК ЦБС г. Ульяновска
c Дата составления 20101113
852 Данные о местонахождении __
i Авторский знак М 50
j Шифр хранения 66.1(2)
899 Данные о местонахождении __
3 Книга № 13774
a Местонахождение 9 ф
d Название фонда Инв.книга №1
q Состояние Свободно
x Инвентарный номер 142357
901 Тип документа __
t Тип документа m